000 00548nam a2200193Ia 4500
005 20260429112034.0
008 260429s9999||||xx |||||||||||||| ||und||
020 _a9781804892381
041 _aEnglish
082 _a338.9
_bDRA
100 _aDrake, Amara
245 0 _aEconomic reform and social sector development /
_cAmara Drake
260 _aUnited Kingdom :
_bBrilliant Publication Ltd. ,
_c2025.
300 _axii, 294 p.; hb
650 _a Public policy
650 _a Social development
650 _aEconomic reforms
942 _cTB
999 _c52030
_d52030